Faceting 101 Chapter 4 Choosing Rough, Size, Shape, Color

Este video hace parte de una secuencia donde se hace un acercamiento a cada uno de los pasos que involucra el facetado de piedras preciosas y gemas. Esta parte tiene como enfoque la seleccin̤ de la piedra en bruto teniendo en cuenta aspectos como el tamaǫ, forma y color

Uloženo v:
Podrobná bibliografie
Další autoři: Akhavan Arya, Youtube
Médium: Kniha
Jazyk:angličtina
Témata:
On-line přístup:Faceting 101 Chapter 4 Choosing Rough, Size, Shape, Color
Tagy: Přidat tag
Žádné tagy, Buďte první, kdo vytvoří štítek k tomuto záznamu!

MARC

LEADER 00000nam a22000004a 4500
001 vpro14770
005 20201223000000.0
008 190603s2019 ck # g## #001 0#eng#d
020
022
040 |a CO-BoINGC 
041 0 |a eng 
245 1 0 |a Faceting 101 Chapter 4 Choosing Rough, Size, Shape, Color 
246 |a Facetado 101, capt̕ulo 4: Elegir la piedra en bruto, tamaǫ, forma, color 
264 |a Bogot ̀(Colombia) :  |b Revista VirtualPRO,  |c 2019 
520 3 |a Este video hace parte de una secuencia donde se hace un acercamiento a cada uno de los pasos que involucra el facetado de piedras preciosas y gemas. Esta parte tiene como enfoque la seleccin̤ de la piedra en bruto teniendo en cuenta aspectos como el tamaǫ, forma y color 
650 \ \ |a Procesos de manufactura 
650 \ \ |a Piedras preciosas 
650 \ \ |a Maquinaria 
650 \ \ |a Joyera̕ 
650 \ \ |a Artesana̕s 
650 \ \ |a Manufacturing processes 
650 \ \ |a Precious stones 
650 \ \ |a Machinery 
650 \ \ |a Jewelry making 
650 \ \ |a Handicraft 
650 \ \ |a Maquina de facetado 
650 \ \ |a Tallado de piedras 
650 \ \ |a Joyera̕ 
650 \ \ |a Piedras preciosas 
650 \ \ |a Faceting machine 
650 \ \ |a Gemstone faceting 
650 \ \ |a Jewelry 
650 \ \ |a Gemstone  
700 \ \ |a Akhavan Arya  
700 \ \ |a Youtube 
856 |z Faceting 101 Chapter 4 Choosing Rough, Size, Shape, Color  |u https://virtualpro.unach.elogim.com/biblioteca/facetado-101-capitulo-4-elegir-la-piedra-en-bruto-tamano-forma-color